Passing of the landmark legislation: The Jan Vishwas act, 2023 and the road ahead (Record no. 524824)

000 -LEADER
fixed length control field 01173nam a22001577a 4500
008 - FIXED-LENGTH DATA ELEMENTS--GENERAL INFORMATION
fixed length control field 240118b ||||| |||| 00| 0 eng d
100 ## - MAIN ENTRY--PERSONAL NAME
Personal name Singh, Rajesh Kumar and Deasthali, Supriya
245 ## - TITLE STATEMENT
Title Passing of the landmark legislation: The Jan Vishwas act, 2023 and the road ahead
260 ## - PUBLICATION, DISTRIBUTION, ETC. (IMPRINT)
Place of publication, distribution, etc Yojana
300 ## - PHYSICAL DESCRIPTION
Extent 68(1), Jan, 2024: p.17-20
520 ## - SUMMARY, ETC.
Summary, etc “ In this day and age, the media and common citizens of India have become more aware and actively follow and take an interest in the introduction of new laws, particularly those brought in favour of ease of doing business and ease of living. This makes it even more imperative for the government to ensure outreach and awareness of such actions to ensure that the true intended motives of such acts do not get distorted due to legal complexity and confusion. It is also important to create awareness of such developments so the intended stakeholders can avail themselves of the benefits and be aware of positive developments undertaken.” – Reproduced
650 ## - SUBJECT ADDED ENTRY--TOPICAL TERM
Topical term or geographic name as entry element Jan Vishwas Amendment of Provisions Bill 2023, Jan Vishwas Act 2023
9 (RLIN) 48176
773 ## - HOST ITEM ENTRY
Main entry heading Yojana
906 ## - LOCAL DATA ELEMENT F, LDF (RLIN)
Subject DIP LAWS
942 ## - ADDED ENTRY ELEMENTS (KOHA)
Item type Articles
Holdings
Withdrawn status Lost status Source of classification or shelving scheme Damaged status Not for loan Permanent location Current location Date acquired Serial Enumeration / chronology Barcode Date last seen Koha item type
          Indian Institute of Public Administration Indian Institute of Public Administration 2024-01-18 68(1), Jan, 2024: p.17-20 AR130630 2024-01-18 Articles

Powered by Koha